000 00684cam a22002291 4500
001 he 68003328
003 DLC
005 20260227111505.0
008 890109s1966 is 000 0 heb
010 _ahe 68003328
035 _a(OCoLC)18993856
040 _aDLC
_cTxU
_dTxU
_dDLC
050 0 0 _aGR98
_b.N62
100 1 _aNoy, Dov.
245 1 0 _aMavo le-sifrut ʻamamit
_c[me-et] D. Noi. Rashmah ṿe-ʻorkhah lefi ha-hartsaʼot: Tsiporah Kagan.
260 _aYerushalayim,
_bAkademon,
_c726 [1966]
300 _a1, 90 p.
_c27 cm.
500 _aCover title.
650 0 _aJewish folk literature.
650 0 _aFolk literature
_xThemes, motives.
700 1 _aKagan, Ziporah,
_eed.
999 _c33854
_d33854